| 000 | 01487cab a22002535a 4500 | ||
|---|---|---|---|
| 001 | L138804 | ||
| 008 | 110516e20070711xxk f 000 0 eng d | ||
| 035 | _a(Sirsi) u138804 | ||
| 041 | 0 | _aeng | |
| 050 | 0 | 4 | _a011.532 $2 22 |
| 110 | 1 |
_aUnited Kingdom _bOffice of the Leader of the House of Commons _95546 |
|
| 245 | 0 | 4 |
_aThe governance of Britain _bthe government's draft legislative programme _h[electronic resource] |
| 260 |
_aLondon _bOffice of the Leader of the House of Commons _c2007 |
||
| 520 | _aCm 7175. Includes the Housing and Regeneration Bill, which proposes the creation of a new homes agency and to reform social housing; the Planning Reform Bill, which proposes the simplification and streamlining of the planning system for all scale of projects; the Planning Gain Supplement Bill, which proposes a major new levy to support local development across the UK; and the Energy Bill, which promotes renewable energies and the reduction of carbon emissions. | ||
| 590 | _aKA NTK | ||
| 650 | 2 | 4 | _aPLANNING WHITE PAPER 2007 |
| 650 | 2 | 4 | _aPLANNING GAIN |
| 651 | 4 |
_aUnited Kingdom _y |
|
| 690 | _aPROPERTY-RESIDENTIAL PROPERTY-DOMESTIC RESIDENTIAL PROPERTY-HOUSING | ||
| 690 | _aENVIRONMENTAL AND LAND CONSULTANCY-PLANNING AND DEVELOPMENT-PLANNING REFORM | ||
| 690 | _aENVIRONMENTAL AND LAND CONSULTANCY-ENERGY | ||
| 856 | 4 | 0 |
_uhttps://www.official-documents.gov.uk/document/cm71/7175/7175.pdf _zView the item free of charge at www.offical-documents.gov.uk |
| 942 | _n0 | ||
| 999 |
_c107253 _d107253 |
||